Bernoulli free-boundary problems /
Guardado en:
| Autor Principal: | |
|---|---|
| Otros Autores: | |
| Formato: | Libro |
| Idioma: | English |
| Publicado: |
Providence, R.I. :
American Mathematical Society,
2008.
|
| Series: | Memoirs of the American Mathematical Society ;
no. 914. |
| Materias: | |
| Etiquetas: |
Agregar Etiqueta
Sin Etiquetas, Sea el primero en etiquetar este registro!
|
| LEADER | 01197cam a2200301 a 4500 | ||
|---|---|---|---|
| 001 | MAT.inmabb005383 | ||
| 008 | 080708s2008####riua#####b####001#0#eng## | ||
| 005 | 20171010164012.0 | ||
| 245 | 1 | 0 | |a Bernoulli free-boundary problems / |c E. Shargorodsky, J.F. Toland. |
| 260 | |a Providence, R.I. : |b American Mathematical Society, |c 2008. | ||
| 300 | |a vii, 70 p. : |b il. ; |c 26 cm. | ||
| 490 | 1 | |a Memoirs of the American Mathematical Society, |x 0065-9266 ; |v no. 914 | |
| 500 | |a "November 2008, volume 195, number 914 (first of 5 numbers)." | ||
| 504 | |a Incluye referencias bibliográficas (p. 65-67) e índice. | ||
| 510 | 4 | |a MR, |c 2011d:35526 | |
| 020 | |a 9780821841891 (alk. paper) | ||
| 020 | |a 0821841890 (alk. paper) | ||
| 100 | 1 | |a Shargorodsky, E. |q (Eugene), |d 1966- | |
| 700 | 1 | |a Toland, John F., |d 1949- | |
| 830 | 0 | |a Memoirs of the American Mathematical Society ; |v no. 914. | |
| 650 | 0 | |a Nonlinear boundary value problems. | |
| 650 | 0 | |a Fluid mechanics. | |
| 650 | 0 | |a Pseudodifferential operators. | |
| 084 | |a 35R35 (35Q15 47J30 76B07) |2 msc2000 | ||
| 010 | |a 2008030033 | ||
| 016 | 7 | |a 014822489 |2 Uk | |
| 040 | |a DLC |c DLC |d YDX |d BTCTA |d YDXCP |d UKM |d CDX |d DLC | ||
| 859 | |k H |p MAMS-914 |b BIB. MATEMATICA | ||
